10 Busiest Tokyo Metro Stations - Statistics

General Stats
  • This quiz has been taken 521 times
  • The average score is 6 of 10
Answer Stats
Ranking Daily Users Line(s) Station % Correct
7 216,687 Ginza, Hanzomon Shibuya
92%
6 231,340 Marunouchi Shinjuku
92%
10 196,687 Marunouchi Tokyo
86%
4 245,208 Marunouchi, Ginza, Hibiya Ginza
85%
1 548,839 Marunouchi, Yurakucho, Fukutoshin Ikebukuro
78%
8 207,240 Ginza, Hibiya Ueno
66%
2 313,620 Marunouchi, Tozai, Chiyoda, Hanzomon Otemachi
55%
3 289,001 Hibiya, Chiyoda Kita-Senju
35%
5 241,041 Ginza Shinbashi
28%
9 200,533 Yurakucho Toyosu
21%
No matching quizzes found
Score Distribution
Percent of People with Each Score
Percentile by Number Answered
Your Score History
You have not taken this quiz